| 000 | 01003cam a2200313 a 4500 | ||
|---|---|---|---|
| 001 | 1124435 | ||
| 003 | OSt | ||
| 005 | 20140311162956.0 | ||
| 008 | 940512s1995 nyua b 001 0 eng | ||
| 010 | _a 94018285 | ||
| 020 | _a0024189316 | ||
| 040 |
_aDLC _cDLC _dDLC |
||
| 043 | _an-us--- | ||
| 050 | 0 | 0 |
_aLB 1570 _b.T23 1995 |
| 100 | 1 | _aTanner, Daniel. | |
| 245 | 1 | 0 |
_aCurriculum development : _btheory into practice / _cDaniel Tanner, Laurel Tanner. |
| 250 | _a3rd ed. | ||
| 260 |
_aEnglewood Cliffs, N.J. : _bMerrill, _cc1995. |
||
| 300 |
_a746 p. : _bill. ; _c25 cm. |
||
| 504 | _aIncludes bibliographical references and indexes. | ||
| 521 | _aEDU | ||
| 650 | 0 |
_aEducation _xCurricula _zUnited States _xHistory. |
|
| 650 | 0 |
_aCurriculum planning _zUnited States. |
|
| 700 | 1 | _aTanner, Laurel N. | |
| 906 |
_a7 _bcbc _corignew _d1 _eocip _f19 _gy-gencatlg |
||
| 942 |
_2lcc _cBK _kFOR |
||
| 999 |
_c39067 _d39067 |
||